[Event "Kurnosov Memorial Rapid 2018"]
[Site "Chelyabinsk"]
[Date "2018.09.08"]
[Round "5"]
[White "Yuffa, Daniil"]
[Black "Kokarev, Dmitry"]
[Result "1/2-1/2"]
[WhiteElo "2563"]
[BlackElo "2663"]
[Annotator "TA"]
[PlyCount "90"]
[EventDate "2018.09.07"]
[EventType "swiss"]
[EventCountry "RUS"]
[SourceTitle "playchess.com"]
[Source "ChessBase"]
[SourceQuality "1"]

{[%evp 15,90,45,50,55,50,27,19,8,34,0,0,0,25,0,0,0,0,11,0,0,58,54,43,39,52,28,64,60,87,87,87,87,87,87,95,95,95,91,200,193,227,212,211,211,215,211,214,199,262,273,337,316,309,300,416,145,372,331,402,333,275,266,169,151,1222,1222,1141,0,0,0,0,0,0,0,0,0,0]} 1. d4 Nf6 2. c4 g6 3. Nc3 Bg7 4. e4 O-O 5. Nf3 {[%cal Bg1f3,Bf3d2,Bd2f1,Bf1g3][%mdl 32]} d6 6. Be2 e5 7. d5 Na6 8. Nd2 Bd7 {LiveBook: 9 Games. E92: King's Indian: Classical: 6 Be2 e5: 7 dxe5, 7 Be3 and Petrosian System without 7...Nbd7} (8... Ne8 9. Rb1 f5 10. b4 c5 11. dxc6 bxc6 12. O-O Nac7 13. Nb3 Ne6 14. Bf3 f4 15. c5 Nd4 16. Nxd4 exd4 {1-0 (71) Korobov,A (2652)-Iniyan,P (2466) Villorba 2018}) 9. h4 h5 10. Nf1 Nc5 $146 {White has an edge.} ({Predecessor:} 10... c6 11. f3 cxd5 12. cxd5 Qe8 13. Be3 Nc5 14. Nd2 Na4 15. Rc1 Nxc3 16. Rxc3 {0-1 (42) Boor,C (2291)-Yermolinsky,A (2522) Mesa 2009}) 11. Bg5 Qb8 12. Ng3 a5 13. Qd2 c6 14. O-O-O cxd5 {aiming for ...d4.} 15. Bxf6 Bxf6 16. Nxd5 Qd8 17. Bxh5 Be6 ({Of course not} 17... Bxh4 $6 18. Rxh4 $1 {[%mdl 512]} Qxh4 19. Bf3 $16) ({Black should try} 17... gxh5 $11 18. Qh6 Bg7 19. Qxd6 b6 $1 {[%mdl 512]}) 18. Bf3 $1 $14 Bxd5 19. Qxd5 {Black must now prevent h5.} Bxh4 20. Qxd6 Qg5+ 21. Kb1 Ne6 22. Rd5 $36 {[%mdl 2048] White is really pushing.} Rfc8 23. Qxe5 Qxe5 24. Rxe5 Bxg3 25. fxg3 Rxc4 26. Rb5 Rac8 (26... Rb4 $16 {is a better defense.} 27. Rxb4 axb4) 27. Rxa5 $18 ({Much less strong is} 27. Rxb7 $6 Nc5 $16) 27... Nc5 28. Rb5 Nxe4 29. Bxe4 Rxe4 30. Rxb7 {[%mdl 4096] Endgame KRR-KRR} Re2 31. Rg1 Re3 (31... Rc5 $142 32. Rf1 Rxg2) 32. Rf1 f5 33. g4 fxg4 34. a4 Re2 35. Rff7 $2 (35. Rf6 $18) 35... Rxg2 $2 (35... Ra8 $16) 36. Rg7+ Kf8 37. Rh7 {[%cal Rh7h8]} Kg8 38. Rbg7+ Kf8 39. Rxg6 {Strongly threatening a5.} g3 $2 {[#]} (39... Rb8 $16) 40. Rh8+ $1 Kf7 41. Rxg3 $2 (41. Rxc8 $18 Kxg6 42. a5) 41... Rxb2+ $1 $11 {The position is equal.} 42. Kxb2 Rxh8 43. Re3 Re8 44. Rh3 Ke7 45. Kc3 Kd6 {Precision: White = 65%, Black = 42%.} 1/2-1/2

[Event "Kurnosov Memorial Rapid 2018"]
[Site "Chelyabinsk"]
[Date "2018.09.08"]
[Round "5"]
[White "Lintchevski, Daniil"]
[Black "Bocharov, Ivan"]
[Result "1/2-1/2"]
[WhiteElo "2550"]
[BlackElo "2625"]
[Annotator "TA"]
[PlyCount "70"]
[EventDate "2018.09.07"]
[EventType "swiss"]
[EventCountry "RUS"]
[SourceTitle "playchess.com"]
[Source "ChessBase"]
[SourceQuality "1"]

{[%evp 12,70,34,30,84,81,84,74,79,80,86,71,77,54,72,41,34,35,27,14,66,77,81,84,102,95,77,79,105,105,152,131,134,100,103,100,104,100,108,108,129,138,190,166,210,152,162,137,206,189,166,112,110,0,0,0,0,0,0,0,0]} 1. Nf3 Nf6 2. c4 c6 3. d4 d5 4. e3 Bf5 5. Nc3 a6 6. Ne5 {D15: Slav Defence: 4 Nc3 a6 and gambit lines after 4 Nc3 dxc4} Nbd7 7. Qb3 {LiveBook: 70 Games} Qb6 $146 (7... Qc7 $11 {keeps the balance.}) ({Predecessor:} 7... Qc7 8. cxd5 Nxe5 9. dxe5 Nxd5 10. Nxd5 cxd5 11. Bd2 Qxe5 12. Qxb7 Rb8 13. Qc6+ Bd7 {½-½ (30) Zubov,A (2611)-Mamedov,R (2708) Ankara 2018}) 8. Nxd7 $16 {White is better.} ({Much worse is} 8. cxd5 $6 Qxb3 9. axb3 Nxe5 $11) 8... Nxd7 9. cxd5 Qxb3 10. axb3 cxd5 11. Nxd5 Rc8 12. Be2 (12. Bd2 {with more complications.} Be6 13. Nb4 Bxb3 14. Ra3 Be6 15. Be2) 12... Be4 13. Bf3 (13. Nc3 {is more complex.} Bxg2 14. Rg1 Bh3 15. Bf3 Rb8 16. b4) 13... Bxf3 14. gxf3 e6 15. Nc3 e5 (15... Rc6 $11) 16. dxe5 $14 Nxe5 17. Ke2 Nd7 18. Rd1 Nc5 19. Ra3 Be7 20. Nd5 f5 21. b4 {[#] Black must now prevent Rc3.} Ne6 22. Rc3 Kf7 23. e4 g6 24. Be3 Bd6 25. Nb6 Rcd8 {[#]} 26. Rcd3 $1 {[%cal Rd3d6]} Ke7 (26... Bc7 $16) 27. h3 Rhf8 28. b3 Rfe8 29. Rd5 Rf8 (29... Bc7 $16) 30. e5 Bc7 {Strongly threatening ...Bxb6.} 31. Rd7+ ({Better is} 31. Nd7 $18 Rfe8 32. f4) 31... Ke8 32. Rxh7 (32. Rxd8+ $16 Bxd8 33. Nc4) 32... Bxb6 $1 $11 {The position is equal.} 33. Bxb6 Nf4+ 34. Ke1 {[%csl Gb6][%cal Rd1d8]} Ng2+ 35. Ke2 {[%csl Gb6][%cal Rd1d8]} Nf4+ {Precision: White = 50%, Black = 44%.} 1/2-1/2

[Event "Kurnosov Memorial Rapid 2018"]
[Site "Chelyabinsk"]
[Date "2018.09.08"]
[Round "5"]
[White "Goganov, Aleksey"]
[Black "Bocharov, Dmitry"]
[Result "1-0"]
[WhiteElo "2544"]
[BlackElo "2619"]
[Annotator "TA"]
[PlyCount "109"]
[EventDate "2018.09.07"]
[EventType "swiss"]
[EventCountry "RUS"]
[SourceTitle "playchess.com"]
[Source "ChessBase"]
[SourceQuality "1"]

{[%evp 27,109,0,26,3,34,0,-8,-18,-18,-30,0,-64,-54,-69,-75,-68,-70,-92,-87,-95,-83,-79,-92,-184,-149,-159,-178,-137,-102,-172,-133,-161,-167,-161,-145,-137,0,0,0,0,119,129,739,347,333,165,157,159,153,158,284,281,269,233,372,378,410,310,422,420,422,412,354,298,466,463,455,385,398,391,387,391,1100,1079,29984,192,12839,29986,29986,29985,29991,29992,29992,29993]} 1. d4 Nf6 2. c4 e6 3. Nf3 d5 4. Nc3 c6 5. Bg5 Nbd7 6. e3 Qa5 7. Nd2 dxc4 8. Bxf6 Nxf6 9. Nxc4 Qc7 10. g3 Be7 11. Bg2 O-O {D52: Queen's Gambit Declined: Cambridge Springs Variation} 12. O-O Rd8 13. Qe2 Bd7 14. Rac1 Be8 {LiveBook: 3 Games} 15. Rfd1 Rac8 16. a3 c5 {[#]} 17. Ne5 $146 ({Predecessor:} 17. d5 exd5 18. Nxd5 Nxd5 19. Bxd5 {0-1 (32) Bacrot,E (2714)-Korobov,A (2660) Warsaw 2011}) 17... Qb8 18. f4 b5 19. Kh1 (19. dxc5 $11 Rxd1+ 20. Nxd1 (20. Rxd1 Bxc5 21. Ne4 Nxe4 $11) 20... Bxc5 21. b4) 19... cxd4 $15 20. exd4 a5 21. Qf2 Qb6 22. Ne2 b4 23. axb4 Qxb4 24. Rxc8 Rxc8 25. Ng1 (25. Rc1 $17 Rb8 26. Rc2) 25... h6 26. f5 exf5 27. Qxf5 Rd8 28. d5 (28. Qf2 $17) 28... Qxb2 29. Rb1 Qc3 30. Nc6 Bxc6 $1 31. dxc6 {With the idea Ne2.} a4 (31... Bd6 $17 {And now ...a4 would win.} 32. Ne2 Qd2) 32. Ne2 $1 $11 {[%cal Re2c3]} Qc4 $1 {Hoping for ...Bd6.} 33. Rc1 $36 {[%mdl 2048] White is more active.} Qa6 (33... Qxe2 $11 34. c7 Rf8) 34. c7 $16 Rc8 $2 {[%mdl 8192]} (34... Qxe2 $16 35. Bf1 Qe3 36. cxd8=R+ (36. cxd8=Q+ Bxd8 37. Rc8 Qe7 $16) 36... Bxd8) 35. Nf4 (35. Rc6 $142 Qb7 36. Rxf6 Qxc7 37. Rxf7) 35... a3 $18 {[#] Strongly threatening ...a2.} 36. Qxc8+ $3 {[%mdl 512]} Qxc8 {[#]} 37. Bh3 $1 {[%cal Rh3c8]} Qb7+ 38. Ng2 Qb2 (38... Qd5 $16 {was called for.} 39. Ra1 (39. c8=Q+ Bf8 $18) 39... Bf8) 39. c8=Q+ Bf8 {[#] ...a2 is the strong threat.} 40. Qc2 $1 Ne4 (40... Nd5 {was worth a try.} 41. Nf4 Ne3 42. Qxb2 axb2) 41. Bf5 ({But not} 41. Qxe4 $2 Qxc1+ 42. Qe1 Qb2 $19) 41... Nd6 42. Bh7+ Kh8 {intending ...g6.} 43. Bd3 Qd4 44. Rd1 Qa7 45. Bc4 Kg8 (45... Nxc4 {keeps fighting.} 46. Qxc4 g6) 46. Ba2 Qb7 47. Bb1 {[%csl Gb1][%cal Rc2h7]} g6 48. Ba2 Kh7 49. Qb3 Qc8 $2 {[#]} (49... Qxb3 50. Bxb3 f5) 50. Rxd6 $1 Bxd6 51. Qxf7+ Kh8 {Threatening ...Qc1+.} 52. Nh4 {[%cal Rh4g6]} Qc1+ {White mates.} 53. Kg2 {[%cal Rh4g6]} Qc2+ 54. Kh3 {[%csl Ga2][%cal Rf7g8]} Qc8+ 55. Be6 {Precision: White = 44%, Black = 52%.} 1-0

[Event "Kurnosov Memorial Rapid 2018"]
[Site "Chelyabinsk"]
[Date "2018.09.08"]
[Round "5"]
[White "Demidov, Mikhail"]
[Black "Lysyj, Igor"]
[Result "1/2-1/2"]
[WhiteElo "2514"]
[BlackElo "2644"]
[Annotator "TA"]
[PlyCount "71"]
[EventDate "2018.09.07"]
[EventType "swiss"]
[EventCountry "RUS"]
[SourceTitle "playchess.com"]
[Source "ChessBase"]
[SourceQuality "1"]

{[%evp 17,71,0,0,0,0,0,0,-12,0,-2,-1,-6,0,0,0,0,0,0,12,16,8,16,12,27,8,9,17,10,19,23,32,8,20,14,14,14,14,14,22,14,20,2,3,3,9,0,0,0,0,0,0,0,0,0,0,0]} 1. Nf3 d5 2. g3 c6 3. Bg2 Bg4 4. h3 Bxf3 5. Bxf3 Nf6 6. d3 {A07: Réti Opening: New York and Capablanca Systems} e5 7. Bg2 Nbd7 8. Nd2 Bc5 9. O-O O-O {LiveBook: 3 Games} 10. e3 a5 $146 ({Predecessor:} 10... Qe7 11. Qe2 {½-½ (11) Tomashevsky,E (2758)-Dubov,D (2661) Berlin 2015}) 11. a4 Re8 12. b3 Qc7 13. Bb2 Rad8 14. Re1 Bb4 15. c3 Bf8 16. Qc2 Qb6 17. Rad1 $1 Nc5 18. d4 exd4 19. exd4 Nce4 20. Nxe4 Nxe4 21. Re2 Nf6 {[#] ...Rxe2 is the strong threat.} (21... f5 {feels hotter.} 22. Bc1 g6 23. h4 Qc7 24. c4 Rc8) 22. Rde1 Rxe2 23. Rxe2 g6 24. Bf3 Bg7 {The position is equal.} 25. Ba3 Re8 26. Rxe8+ Nxe8 27. Qe2 Qd8 28. h4 h5 29. Qe7 (29. Be7 {is more complex.} Qd7 30. Bg5 Bf6 31. Bf4 Ng7 32. Qc2) 29... Qxe7 30. Bxe7 $11 {[%mdl 4096] Endgame KBB-KBN} Bf6 31. Bc5 Bd8 $1 32. Bg2 f5 33. c4 Nf6 (33... b6 $5 34. Ba3 $8 Nf6 $11) 34. cxd5 Nxd5 35. Bxd5+ cxd5 36. f4 {Precision: White = 56%, Black = 58%.} 1/2-1/2

[Event "Kurnosov Memorial Rapid 2018"]
[Site "Chelyabinsk"]
[Date "2018.09.08"]
[Round "5"]
[White "Rashkovsky, Nukhim N"]
[Black "Andreikin, Dmitry"]
[Result "0-1"]
[WhiteElo "2483"]
[BlackElo "2731"]
[Annotator "TA"]
[PlyCount "115"]
[EventDate "2018.09.07"]
[EventType "swiss"]
[EventCountry "RUS"]
[SourceTitle "playchess.com"]
[Source "ChessBase"]
[SourceQuality "1"]

{[%evp 9,115,18,40,26,54,16,27,27,35,43,26,31,26,25,31,16,49,0,0,-12,-6,-7,0,-10,0,-14,-9,-30,-25,-37,-39,-44,-56,-58,-44,-42,-9,-9,-9,-8,-3,-3,-3,-3,0,0,8,8,1,0,0,0,0,0,0,0,0,0,0,0,0,0,0,0,0,0,0,0,0,0,0,0,0,0,0,0,0,0,0,0,0,-8,-8,-8,-8,-8,-8,-8,-10,-8,-8,-8,-8,-63,-66,-66,-66,-164,-161,-163,-163,-4137,-4137,-4137,-4137,-4137,-4137,-29992]} 1. Nc3 d5 2. d3 (2. d4 Nf6 3. Bf4 a6 4. e3 Bf5 5. Bd3 Bxd3 6. cxd3 e6 7. Nf3 Bd6 8. Bg5 Nbd7 9. O-O h6 10. Bh4 O-O 11. e4 Be7 {½-½ (67) Carlsen,M (2832)-Nakamura,H (2785) Stavanger 2017}) 2... Bg4 $146 {[%cal Bc8g4,Bg4h5,Bh5g6][%mdl 32]} ({Predecessor:} 2... e5 3. Nf3 Nc6 4. g3 Nf6 5. Bg2 h6 6. O-O Be6 7. e4 dxe4 8. Nxe4 Nxe4 9. dxe4 Qxd1 10. Rxd1 {½-½ (30) Kos,T (2328)-Serdt,S (2221) Slovenia 2014}) 3. h3 Bh5 4. g4 Bg6 5. Bg2 c6 6. f4 {A00: Irregular Openings} e6 7. Nf3 Na6 8. e4 {White has an edge.} dxe4 9. dxe4 Qxd1+ 10. Kxd1 O-O-O+ 11. Ke2 f6 12. Be3 Bc5 13. Bxc5 (13. h4 $14) 13... Nxc5 $11 14. Ke3 Ne7 {aiming for ...Nxe4!} 15. Rad1 a5 16. a3 Rhe8 17. Nd4 Bf7 18. Nde2 e5 19. Rxd8+ Rxd8 20. Rd1 exf4+ 21. Nxf4 Re8 (21... Nd7 {is more complex.} 22. Bf3 Kc7 23. Nh5 Rg8 24. b3 Nc8) 22. b4 axb4 23. axb4 Nd7 24. b5 Ne5 25. bxc6 bxc6 26. Ra1 Kb7 27. Nd3 Ra8 (27... Nc8 {feels hotter.} 28. Nc5+ Kc7 29. Ne2 Nc4+ 30. Kf2 Rd8) 28. Rxa8 Kxa8 29. Nxe5 fxe5 {[%mdl 4096] Endgame KBN-KBN} 30. Ne2 g5 31. Ng1 Ng6 32. Bf1 Kb7 33. Nf3 h6 34. Nd2 Kc7 35. Bc4 Be8 36. Bg8 Kd6 37. Nc4+ Kc5 38. Kd3 Kb4 39. Nd6 Nf4+ 40. Kd2 Bg6 41. Bf7 Bh7 42. Ke3 Kc3 43. Nc4 Ng2+ 44. Kf2 Nh4 45. Nxe5 Bxe4 {Black wants to play ...Kd4.} 46. Ke3 Bh1 47. Be8 c5 {[%cal Bc6c5,Bc5c4,Bc4c3][%mdl 32]} 48. Nf7 Ng2+ ({Resist} 48... Kxc2 49. Nxh6 Ng2+ 50. Kf2 $15) 49. Kf2 Nf4 50. Nxh6 Kxc2 {And now ...c4 would win.} 51. Nf7 (51. Bb5 $1 $11) 51... c4 $15 {Hoping for ...Kd2.} 52. Nxg5 Kd2 53. h4 (53. Nf3+ $15 Bxf3 54. Kxf3) 53... c3 $19 {[%mdl 1024] Black has strong compensation.} 54. Ba4 {Black must now prevent Nf3+.} Nd3+ ({Inferior is} 54... c2 {[#]} 55. Bxc2 $1 {[%mdl 512]} Kxc2 56. h5 $11) 55. Kg1 $2 {[#]} (55. Kg3) 55... Bc6 $1 {[%mdl 512] Black is clearly winning.} 56. h5 (56. Bxc6 c2) 56... Nc5 57. h6 Nxa4 58. Kf1 {Precision: White = 64%, Black = 73%.} 0-1

[Event "Kurnosov Memorial Rapid 2018"]
[Site "Chelyabinsk"]
[Date "2018.09.08"]
[Round "5"]
[White "Smirnov, Alexey"]
[Black "Chigaev, Maksim"]
[Result "0-1"]
[WhiteElo "2452"]
[BlackElo "2678"]
[Annotator "TA"]
[PlyCount "98"]
[EventDate "2018.09.07"]
[EventType "swiss"]
[EventCountry "RUS"]
[SourceTitle "playchess.com"]
[Source "ChessBase"]
[SourceQuality "1"]

{[%evp 21,98,43,82,72,72,65,69,65,66,65,60,61,69,54,53,48,50,43,70,52,39,34,56,46,70,61,47,45,70,77,80,58,67,56,91,25,58,38,39,39,33,-57,0,-107,-84,-103,-79,-112,-122,-107,-135,-106,-126,-132,-131,-123,-123,-146,-119,-134,-33,-111,-92,-206,-205,-285,0,-59,-41,-69,-65,-72,-42,-288,-273,-476,-468,-643,-637]} 1. d4 Nf6 2. c4 g6 3. Nc3 Bg7 4. e4 d6 5. Nf3 O-O 6. Be2 Na6 7. O-O e5 8. Be3 c6 9. d5 Ng4 10. Bg5 f6 11. Bd2 c5 {LiveBook: 11 Games. E94: King's Indian: Classical: 6 Be2 e5 7 0-0: Various Black 7th moves} 12. a3 Nh6 13. Rb1 {[#]} Bd7 $146 {White is slightly better.} ({Predecessor:} 13... Nf7 14. Ne1 f5 15. Nd3 Bd7 16. b4 b6 17. bxc5 Nxc5 18. Nxc5 bxc5 19. Rb7 {½-½ (35) Van der Stricht,G (2365)-Maze,S (2575) Belgium 2012}) 14. b4 b6 15. Bd3 Nf7 16. Qc2 Qe7 17. Rfe1 Bh6 18. Bxh6 Nxh6 19. Qc1 Kg7 20. b5 Nc7 21. a4 f5 22. exf5 gxf5 23. Qg5+ Qxg5 24. Nxg5 Kg6 25. f4 e4 26. Bc2 Kg7 27. a5 Ng4 28. Ra1 (28. h3 $16 Nf6 29. g4) 28... h6 29. Nh3 Rfb8 30. Nf2 h5 31. Nh3 (31. h3 $14 Nxf2 32. Kxf2) 31... bxa5 (31... a6 $1 $15 32. axb6 Rxb6) 32. Rab1 (32. Ng5 $11) 32... Rb7 33. Ng5 Nf6 34. Rb2 Rab8 {Hoping for ...a6.} 35. Ra2 a6 36. bxa6 Nxa6 {White must now prevent ...Nb4.} 37. Rxa5 Nb4 38. Bb1 h4 39. g3 hxg3 40. hxg3 Rh8 (40... Nd3 $17 41. Bxd3 exd3) 41. Kg2 ({White must play} 41. Ra1 $1 $15) 41... Ng4 42. Kg1 (42. Nh3 $17 {keeps fighting.}) 42... Rh2 $19 43. Ra8 Rd2 $2 {[#]} (43... Nc2 $19 44. Bxc2 Rxc2) 44. Bxe4 (44. Ngxe4 $1 $11 {[%mdl 512]} fxe4 45. Nxe4) 44... fxe4 $15 45. Ncxe4 Nd3 {Strongly threatening ...Rc2.} 46. Rea1 Rdb2 {aiming for ...Ne3.} 47. Nxd6 $2 {[#]} (47. R8a7 $15) 47... Ne3 $1 $19 {[%mdl 512]} 48. R8a2 $2 {[#]} (48. Nde4 {was the only chance.} Nxc4 49. R8a7) 48... Ra7 $3 {[%mdl 512] ( -> ...Rg2+!)} 49. Ne6+ (49. Rxa7 $2 {gets mated.} Rg2+ 50. Kh1 Nf2#) 49... Kg8 {Precision: White = 27%, Black = 57%.} 0-1

[Event "Kurnosov Memorial Rapid 2018"]
[Site "Chelyabinsk"]
[Date "2018.09.08"]
[Round "6"]
[White "Andreikin, Dmitry"]
[Black "Goganov, Aleksey"]
[Result "1-0"]
[WhiteElo "2731"]
[BlackElo "2544"]
[Annotator "TA"]
[PlyCount "95"]
[EventDate "2018.09.07"]
[EventType "swiss"]
[EventCountry "RUS"]
[SourceTitle "playchess.com"]
[Source "ChessBase"]
[SourceQuality "1"]

{[%evp 19,95,0,27,0,41,0,8,-19,-13,-25,0,0,-2,-3,0,0,6,6,6,5,9,0,14,5,25,16,30,9,20,5,8,0,14,16,14,16,16,16,16,14,75,66,252,252,225,191,191,193,193,193,275,275,455,455,441,441,439,432,429,425,410,406,817,817,5241,7904,12276,6971,6543,6456,6170,5952,6163,6141,645,5237,5289,5289]} 1. Nf3 d5 2. e3 Nf6 3. c4 e6 4. b3 Bd6 5. Bb2 O-O 6. d4 b6 7. Bd3 Bb7 8. O-O Nbd7 9. Nc3 a6 10. Qc2 Qe7 {LiveBook: 4 Games. E14: Queen's Indian: Classical Variation (4 e3)} 11. Rfe1 Rfe8 12. Rad1 $146 ({Predecessor:} 12. e4 dxe4 13. Nxe4 Nxe4 14. Bxe4 Bxe4 15. Rxe4 Ba3 16. Bxa3 Qxa3 17. c5 Rad8 18. h3 {1-0 (41) Mamedyarov,S (2743)-Hansen,S (2566) Reykjavik 2015}) 12... dxc4 {The position is equal.} 13. Bxc4 b5 {Threatens to win with ...Bxf3.} 14. Bd3 c5 15. Ne4 Bxe4 16. Bxe4 Rac8 17. dxc5 Bxc5 {Strongly threatening ...Bb4.} 18. Bb7 Rb8 $1 {[%cal Rb8b7]} 19. Bc6 {Black must now prevent Ng5.} Rec8 {And now ...Bb4 would win.} 20. Bxd7 Nxd7 21. Qe4 f6 22. h4 Nf8 23. h5 h6 24. Nh4 Bb4 25. Rf1 Bc3 26. Bxc3 Rxc3 27. Ng6 $36 {[%mdl 2048] White fights for an advantage.} Nxg6 28. hxg6 Rbc8 29. Rd3 R3c5 (29... Rxd3 $11 30. Qxd3 Rc5) 30. Rfd1 $16 f5 $2 {[#]} ({Black should try} 30... R5c7 $14) 31. Rd8+ $3 $18 {[%mdl 512]} Qxd8 ({Don't play} 31... Rxd8 {[#]} 32. Qxe6+ $1 {[%mdl 512]} Kh8 33. Qxe7 $16) 32. Qxe6+ Kh8 33. Rxd8+ Rxd8 34. Qxa6 {[%mdl 4096] Endgame KQ-KRR} Rcd5 (34... Rb8 $142 35. Qd6 Rbc8) 35. g3 R5d6 $2 (35... Rd2 36. Qxb5 Rxa2 37. Qxf5 Ra6) 36. Qxb5 Rxg6 37. Qxf5 Ra6 38. a4 Rb6 39. e4 {[%cal Be3e4,Be4e5,Be5e6,Be6e7][%mdl 32]} Rxb3 40. e5 Ra3 (40... Rb7 $142 41. e6 Re8) 41. e6 {White is clearly winning.} Rxa4 42. e7 {[%cal Re7d8]} Rg8 43. Qe6 Raa8 44. Kg2 Rge8 45. Qf7 Rg8 46. Kh3 Rab8 47. f4 (47. Kg4 $142 Rbc8 48. f4) 47... Ra8 48. f5 {Precision: White = 72%, Black = 25%.} 1-0

[Event "Kurnosov Memorial Rapid 2018"]
[Site "Chelyabinsk"]
[Date "2018.09.08"]
[Round "6"]
[White "Chigaev, Maksim"]
[Black "Ovetchkin, Roman"]
[Result "1/2-1/2"]
[WhiteElo "2678"]
[BlackElo "2508"]
[Annotator "TA"]
[PlyCount "84"]
[EventDate "2018.09.07"]
[EventType "swiss"]
[EventCountry "RUS"]
[SourceTitle "playchess.com"]
[Source "ChessBase"]
[SourceQuality "1"]

{[%evp 20,84,8,13,33,7,18,15,23,31,35,6,18,0,29,16,29,23,22,4,28,11,15,0,11,8,26,0,0,2,5,9,26,0,35,18,32,31,34,32,35,25,26,29,32,33,30,23,51,41,48,30,30,13,34,15,19,19,18,19,85,87,82,86,79,91,82]} 1. c4 c6 2. Nf3 d5 3. e3 Nf6 4. Nc3 g6 5. d4 Bg7 6. Be2 O-O 7. O-O Bg4 8. Qb3 Qb6 9. h3 {D94: Grünfeld: 4 Nf3 Bg7 5 e3} (9. Qc2 Nbd7 10. b3 e6 11. a4 a5 12. h3 Bxf3 13. Bxf3 Rfe8 14. Rd1 Rad8 15. Rb1 Bf8 16. g3 Qa7 {0-1 (57) Mamedyarov,S (2799)-Artemiev,V (2691) Huaian 2017}) 9... Bxf3 10. Bxf3 e6 11. Rd1 {LiveBook: 9 Games. The position is equal.} Rd8 12. Be2 $146 ({Predecessor:} 12. Bd2 Nbd7 13. Qa4 Re8 14. Be1 a6 15. Rab1 Qa7 16. cxd5 exd5 {½-½ (25) Kozionov,K (2401)-Baltabaev,T (2240) Voronezh 2015}) 12... Nbd7 13. Bd2 Rac8 14. Rac1 dxc4 15. Bxc4 Qxb3 16. Bxb3 Nd5 17. Ne4 N7f6 18. Nxf6+ Bxf6 19. Be1 Bg5 20. Rd3 h5 21. Rcd1 Rd7 22. g3 Rcd8 23. Kg2 Bf6 24. Bc2 Be7 25. a3 Nc7 26. Kf3 Nb5 27. Ke2 Nd6 28. Bb3 Kg7 29. f3 Nb5 30. Bc4 Nd6 31. Ba2 Nb5 32. Bf2 Bf6 33. f4 Nd6 34. Kf3 Nb5 35. a4 Nc7 36. Bc4 Nd5 37. Ke2 Nb4 38. R3d2 c5 39. Bb5 Rd6 (39... Nc6 $11) 40. dxc5 $16 {White is better.} Rxd2+ 41. Rxd2 Rxd2+ 42. Kxd2 Bxb2 {Precision: White = 49%, Black = 44%.} 1/2-1/2

[Event "Kurnosov Memorial Rapid 2018"]
[Site "Chelyabinsk"]
[Date "2018.09.08"]
[Round "6"]
[White "Kokarev, Dmitry"]
[Black "Belyakov, Bogdan"]
[Result "1/2-1/2"]
[WhiteElo "2663"]
[BlackElo "2496"]
[Annotator "TA"]
[PlyCount "107"]
[EventDate "2018.09.07"]
[EventType "swiss"]
[EventCountry "RUS"]
[SourceTitle "playchess.com"]
[Source "ChessBase"]
[SourceQuality "1"]

{[%evp 15,107,4,25,10,17,17,47,47,37,39,47,51,58,50,80,72,60,61,87,87,109,97,213,218,225,225,225,225,225,227,221,214,220,208,220,225,225,223,347,352,387,383,424,416,393,349,338,192,192,192,192,187,171,164,197,194,206,162,162,165,204,180,206,201,205,171,302,305,285,292,291,283,301,283,291,272,278,265,260,370,355,354,333,347,336,204,208,196,234,229,222,222,222,222]} 1. e4 e5 2. Nf3 Nc6 3. Bb5 Nf6 4. d3 Bc5 5. Bxc6 dxc6 6. Nbd2 {C65: Ruy Lopez: Berlin Defence (3...Nf6), unusual lines and 4 0-0 Bc5} (6. Be3 Bd6 7. h3 c5 8. Nc3 Nd7 9. O-O Nf8 10. Nd2 Ng6 11. Nc4 O-O 12. Ne2 Be6 13. b3 Be7 {½-½ (29) Anand,V (2768)-Karjakin,S (2773) Saint Louis 2018}) 6... Be6 7. O-O Nd7 8. b3 Bd6 {LiveBook: 9 Games} 9. Bb2 c5 $146 ({Predecessor:} 9... Qe7 10. Nc4 Bxc4 11. bxc4 O-O-O 12. Nd2 Nc5 13. a4 a5 {1-0 (69) Sergienko,S (2383)-Zhurikhin,A (2325) Voronezh 2013}) 10. Nc4 {[%cal Rf3e5]} Bxc4 11. bxc4 O-O 12. a4 a5 13. g3 Re8 14. Nh4 Nb8 15. Nf5 Nc6 16. f4 {[%cal Bf2f4,Bf4f5,Bf5f6][%mdl 32]} Qf6 17. Ne3 Qh6 {[%cal Re5f4]} 18. Ng4 Qh3 {[#]} (18... Qe6 $16 {is a better defense.}) 19. f5 $1 $18 Kh8 20. Bc1 Qh5 21. f6 g6 22. Nh6 Qxd1 23. Nxf7+ (23. Rxd1 Nd8 $14) 23... Kg8 24. Nh6+ (24. Rxd1 $2 {perishes.} Kxf7 25. Rf1 Re6 $19) 24... Kf8 25. Rxd1 Re6 26. Rf1 Nd4 (26... Nd8 $142 27. Rb1 b6) 27. Rf2 Ke8 28. Rb1 b6 29. Be3 Kd7 30. c3 Nc6 31. Nf7 (31. f7 $142) 31... Rf8 32. Ng5 {Hoping for Rbf1.} Rexf6 33. Rxf6 ({Don't do} 33. Nxh7 $6 Rxf2 34. Bxf2 Rf3 $16) 33... Rxf6 34. Nxh7 Rf7 35. Ng5 Rf8 36. Kg2 Be7 37. Nf3 Ke6 38. h4 Rd8 39. Rd1 Na7 40. Kf2 c6 (40... Nc8 {might work better.} 41. Ke2 Nd6 42. Ng5+ Bxg5 43. Bxg5 Rd7) 41. Bg5 Bxg5 42. Nxg5+ {[%mdl 4096] Endgame KRN-KRN} Ke7 43. Ke3 Rf8 44. Rb1 Nc8 45. Nf3 Ke6 46. Rb2 Rf6 47. Rh2 Nd6 48. h5 gxh5 49. Rxh5 Nf7 50. Rh1 Rg6 {White is clearly better.} 51. Rb1 Rxg3 {[#] White should prevent ...Ng5.} 52. Kf2 $1 {[%cal Rf2g3]} ({And not} 52. Rxb6 Ng5 $14) 52... Rg8 53. Rxb6 Kd6 54. Ra6 {Precision: White = 86%, Black = 34%.} 1/2-1/2